States that touch Río Grande - Statistics

General Stats
  • This quiz has been taken 533 times
  • The average score is 4 of 7
Answer Stats
State % Correct
Texas
98%
New Mexico
97%
Colorado
58%
Chihuahua
52%
Nuevo León
26%
Coahuila
22%
Tamaulipas
21%
No matching quizzes found
Score Distribution
Percent of People with Each Score
Percentile by Number Answered
Your Score History
You have not taken this quiz